000 00788nas a2200241 4500
001 BR0810145
003 BR-BrBNA
005 20231205112919.0
007 ta
008 230509b bl.|||p| |||| 00| 00por d
040 _aBR-BrBNA
_bpor
_cBiblioteca Nacional de Agricultura
041 _a(Pt)
072 _aE10
100 1 _aCruz, K.C.M. dos S.
100 1 _aValente, A.L.E.F.
245 1 _aA cachoeira do Poço encantado: empreendimento familiar e presença kalunga na cadeia do ecoturismo em Teresina de Goiás
650 _aTURISMO
650 _aTERRA
650 _aECOSSISTEMA
773 0 _tRevista de Economia e Sociologia Rural (Brazil)
_xISSN 0103-2003
_g(Oct- Dec 2005), v. 43(4) p. 779-804
_wBR0810145
909 _a202311
_bLúcia
_c55
_dLúcia Elande
942 _2AGRIS
_n0
_cANA
999 _c200754
_d200754